000 00527nam a2200193Ia 4500
005 20250508150639.0
008 008 250505s9999 xx 000 0 eng d
037 _aTextual
040 _aFEDL
_beng
_cFEDL
041 _aeng
_2eng
084 _a338.1, SCH
_qFEDL
100 _aSchultz Theodore W.
245 0 _aFood for the world
260 _aChicago, USA
_bThe University of Chicago Press
_c1945
300 _axiv,352p.
650 _aEconomics
942 _cTEXL
_h338.1, SCH
999 _c1324784
_d1324784